Patentová ochrana inovácií ako faktor vednej a technickej politiky
Salvato in:
| Autore principale: | |
|---|---|
| Natura: | Libro |
| Lingua: | slovacco |
| Pubblicazione: |
Bratislava
Prognostický ústav SAV
2001
|
| Serie: | Pracovné materiály
č. 12 |
| Soggetti: | |
| Tags: |
Nessun Tag, puoi essere il primo ad aggiungerne!!
|
MARC
| LEADER | 00000nam a2200000 4500 | ||
|---|---|---|---|
| 001 | c132187 | ||
| 005 | 20221124104726.2 | ||
| 022 | |a 0862-9137 | ||
| 041 | 0 | |a slo | |
| 044 | |a SK | ||
| 245 | 1 | 0 | |a Patentová ochrana inovácií ako faktor vednej a technickej politiky |c Boris Procházka |
| 264 | 1 | |a Bratislava |b Prognostický ústav SAV |c 2001 | |
| 300 | |a 43 s. | ||
| 490 | 1 | |a Pracovné materiály |v č. 12 | |
| 830 | 0 | |a Pracovné materiály |v č. 12 | |
| 610 | 2 | 0 | |a inovácia |
| 610 | 2 | 0 | |a patenty |
| 610 | 2 | 0 | |a politika technická |
| 610 | 2 | 0 | |a politika vedecká |
| 610 | 2 | 0 | |a hospodárstvo trhové |
| 610 | 2 | 0 | |a známky ochranné |
| 610 | 2 | 0 | |a vzory priemyselné |
| 610 | 2 | 0 | |a porovnanie medzinárodné |
| 610 | 2 | 0 | |a prognózy |
| 610 | 2 | 0 | |a Slovensko |
| 610 | 2 | 0 | |a Európa |
| 610 | 2 | 0 | |a USA |
| 610 | 2 | 0 | |a Japonsko |
| 610 | 2 | 0 | |a Nemecko |
| 610 | 2 | 0 | |a Švajčiarsko |
| 610 | 2 | 0 | |a 1993-2000 |
| 100 | 1 | |a Procházka, Boris | |